00329cam a22001097a 4500008004000000082001400040100002800054245006500082260002600147300001400173650003200187180718b1909 xxu||||| |||| 00| 0 eng d aA6x4 M393 aMasterman, J. Howard B. aDawn of mediaeval Europe, 476-918cby J. Howard B. Masterman aLondonbMethuenc1909 axix, 253p aEurope --History --476-1492